000
00217 a2200097 4500
001
44504
100
_a
Hedley
245
_a
Basic of Sheet Metal Drafting
260
_a
London
_b
Longman Green
_c
090
_c
28219
_d
28219
942
_a
NUST-CAE
_c
M
_c
20246
999
_c
279577
_d
279577